| 000 | 01021nam a2200277 a 4500 | ||
|---|---|---|---|
| 001 | 67145 | ||
| 003 | BD-RjUL | ||
| 005 | 20211209081623.0 | ||
| 008 | 170322s1986 enkb b 001 0 eng d | ||
| 020 | _a1853836664 | ||
| 020 | _a1853836656 (pbk.) | ||
| 035 | _a(BD-RjUL)BD-RjUL | ||
| 040 |
_aUKM _cUKM _dAGL _dBD-RjUL _beng |
||
| 041 | _aeng | ||
| 082 | 0 | 0 |
_a630.7 _223 _bBAA 1986 |
| 100 | 1 |
_aBarraclough, Solon, _d1922-2002. _9198905 |
|
| 245 | 1 | 0 |
_aAgricultural expansion and tropical deforestation : _bpoverty, international trade, and land use / _cSolon L. Barraclough and Krishna B. Ghimire. |
| 260 |
_aLondon ; _aSterling, VA : _bEarthscan, _cc1986 |
||
| 300 |
_axvii, 150 p. : _bill. ; _c24 cm. |
||
| 504 | _aIncludes bibliographical references (p. [141]-144) and index. | ||
| 650 | 0 |
_aDeforestation _zTropics. _9137685 |
|
| 650 | 0 |
_aAgriculture _xEnvironmental aspects _zTropics. _9198906 |
|
| 650 | 0 |
_aLand use, Rural _zTropics. _9198907 |
|
| 700 | 1 |
_aGhimire, K. B. _q(Kléber Bertrand) _9198908 |
|
| 942 |
_2ddc _cBK |
||
| 999 |
_c67145 _d67145 |
||